2025 NBA Draft Picks Quiz - Statistics

General Stats
  • This quiz has been taken 28 times
  • The average score is 5 of 15
Answer Stats
Hint Answer % Correct
1 Cooper Flagg
100%
2 Dylan Harper
65%
4 Kon Knueppel
53%
5 Ace Bailey
47%
3 V.J Edgecombe
47%
7 Jeremiah Fears
29%
9 Collin Murray-Boyles
24%
8 Egor Demin
24%
6 Tre Johnson
24%
14 Carter Bryant
18%
13 Derik Queen
18%
10 Khaman Maluach
12%
15 Thomas Sorber
12%
12 Noah Essengue
6%
11 Cedrick Coward
0%
No matching quizzes found
Score Distribution
Percent of People with Each Score
Percentile by Number Answered
Your Score History
You have not taken this quiz